000 01464 a2200217 4500
003 OSt
005 20250331161757.0
008 250110b |||||||| |||| 00| 0 eng d
020 _a9780323930703
041 _aEng
082 _25
_a610.73W65/LAN
100 _aLanghome Martha E
_9209308
245 _aOncology Nursing
250 _a5
260 _bMosby
_c2007
_aSt.KLouis,MISSOURI
300 _a792 P.
500 _aComprehensive yet concise overview of oncology nursing Consistent format in disease chapters for quick access and understanding of key information Review questions with answers and rationales at the end of each chapter New chapter on Functional Status and its effect on patient outcomes New chapter on Ethical Considerations for the oncology nurse New chapters on Skin Integrity, Oral Mucositis, Bone Marrow Suppression New chapter on Palliative Care offers information regarding providing physical and emotional comfort to dying patients and their families New chapters on Patient Education and Family Caregiving for information on assisting families that provide needed health services and support outside of the healthcare setting New Symptom Management unit with new chapters on Dyspnea, Sleep Disturbance, Nausea, and Hot Flashes Case studies at the end of each chapter correspond with chapter content and review questions with rationales
600 _2Oncology Nursing
650 _aOncology
_9211818
942 _2ddc
_cBK
999 _c362493
_d362493